000 00657nam a22002177a 4500
003 UA-OsUOA
001 64775
007 ta
008 20091109b un ||||| |||| 00| 0 ukr d
100 _aДем'янчук Б.
090 _a908
_bД30
942 _cSA
040 _aUA-OsUOA
_bukr
_cUA-OsUOA
_dUA-OsUOA
245 _aСейф для Острозької Біблії. До Острога повернулася реліквія, надрукована 400 років тому Іваном Федоровим
300 _aС.11
955 _a0
041 _aukr
080 _a908
773 0 _w64774
650 7 _a908 Краєзнавство
_2UDC
999 _c350883
_d350883